[Event "St Veit op 41st"]
[Site "St Veit"]
[Date "2022.07.10"]
[Round "3"]
[White "Kienboeck, Benjamin"]
[Black "Elpons, Walter"]
[Result "0-1"]
[WhiteElo "2151"]
[BlackElo "1952"]
[PlyCount "88"]
[EventDate "2022.07.09"]
[EventType "swiss"]
[EventRounds "9"]
[EventCountry "AUT"]
[SourceTitle "CBM 209 Extra"]
[Source "ChessBase"]
[SourceDate "2022.09.30"]
[SourceVersion "1"]
[SourceVersionDate "2022.09.30"]
[SourceQuality "1"]

1. e4 c5 2. Nf3 d6 3. d4 cxd4 4. Nxd4 Nf6 5. Nc3 a6 6. Bg5 e5 7. Nb3 Be7 8. Qd2 Be6 9. 0-0-0 Nbd7 10. f3 Rc8 11. Kb1 0-0 12. g4 b5 13. Be3 Nb6 14. Qf2 Nc4 15. Bxc4 bxc4 16. Nc1 Rb8 17. g5 Nh5 18. Qd2 Qc7 19. Nd5 Bxd5 20. Qxd5 Rb5 21. Qd2 c3 22. Qd3 Rxb2+ 23. Ka1 Qa5 24. Qd5 Rfb8 25. Nd3 Qxd5 26. exd5 Rxc2 27. Rb1 Re8 28. Nb4 Re2 29. Nc6 Rxe3 30. Nxe7+ Kf8 31. Nf5 Rxf3 32. Nxd6 Rd8 33. Rb6 Rd3 34. Ne4 R8xd5 35. Kb1 Re3 36. Rb4 Nf4 37. Rc1 Ne2 38. Rf1 c2+ 39. Kxc2 Nd4+ 40. Kd2 Rxe4 41. Rb8+ Ke7 42. Rb7+ Ke6 43. Rfxf7 Nf5+ 44. Kc3 Re3+ 0-1

[Event "AUT-chT2M 2122"]
[Site "Austria"]
[Date "2022.03.26"]
[Round "8.1"]
[White "Elpons, Walter"]
[Black "Kravanja, Georg"]
[Result "0-1"]
[WhiteElo "1926"]
[BlackElo "2199"]
[PlyCount "102"]
[EventDate "2021.10.01"]
[EventType "team-tourn"]
[EventRounds "11"]
[EventCountry "AUT"]
[SourceTitle "EXT 2023"]
[Source "ChessBase"]
[SourceDate "2022.10.05"]
[SourceVersion "1"]
[SourceVersionDate "2022.10.05"]
[SourceQuality "1"]
[WhiteTeam "Graz Schachgesellschaft"]
[BlackTeam "Graz Schachfreunde"]
[WhiteTeamCountry "AUT"]
[BlackTeamCountry "AUT"]

1. d4 Nf6 2. Bf4 d6 3. e3 Nbd7 4. Nf3 g6 5. Bd3 Bg7 6. e4 0-0 7. 0-0 Nh5 8. Bg5 h6 9. Be3 e5 10. c3 Nf4 11. Bc2 g5 12. Qd2 Ng6 13. Na3 Qe7 14. h3 Nf6 15. Rfe1 Nh5 16. Rad1 Nhf4 17. b4 g4 18. dxe5 Nxg2 19. exd6 cxd6 20. hxg4 Nxe1 21. Nxe1 Bxg4 22. f3 Be6 23. Bxh6 Qh4 24. Bxg7 Kxg7 25. Qxd6 Rad8 26. Qh2 Qxh2+ 27. Kxh2 Rxd1 28. Bxd1 Bxa2 29. Nb5 Rd8 30. Nd4 Rc8 31. Ne2 Bc4 32. Nd4 Be6 33. Ne2 b6 34. Nc2 Bb3 35. Ne3 Bxd1 36. Nxd1 Rd8 37. Nd4 Rc8 38. Kg3 a5 39. Nf5+ Kf8 40. Nfe3 a4 41. Nc2 Ne5 42. Kf2 Nc4 43. Ke2 Rd8 44. Nd4 a3 45. Nb3 a2 46. Na1 b5 47. f4 Ke7 48. Ke1 Rd2 49. e5 Ke6 50. Nb3 Rg2 51. Kf1 Nd2+ 0-1

[Event "Steyr Landesliga 1920"]
[Site "Austria"]
[Date "2019.12.07"]
[Round "6.7"]
[White "Schrey, Stefan"]
[Black "Elpons, Walter"]
[Result "1/2-1/2"]
[WhiteElo "2126"]
[BlackElo "1933"]
[PlyCount "83"]
[EventDate "2019.09.28"]
[EventType "team-tourn"]
[EventRounds "11"]
[EventCountry "AUT"]
[SourceTitle "CBM 194 Extra"]
[Source "ChessBase"]
[SourceDate "2020.03.31"]
[SourceVersion "1"]
[SourceVersionDate "2020.03.31"]
[SourceQuality "1"]
[WhiteTeam "Graz Schachfreunde"]
[BlackTeam "Graz Schachgesellschaft"]
[WhiteTeamCountry "AUT"]
[BlackTeamCountry "AUT"]

1. Nf3 d5 2. g3 c5 3. Bg2 Nc6 4. 0-0 g6 5. d4 cxd4 6. Nxd4 Bg7 7. Nxc6 bxc6 8. c4 Nf6 9. Nc3 Bb7 10. cxd5 Nxd5 11. Nxd5 cxd5 12. Qa4+ Qd7 13. Qxd7+ Kxd7 14. Rd1 e6 15. e4 d4 16. f4 Ke7 17. e5 Bxg2 18. Kxg2 Rhd8 19. b3 f6 20. Ba3+ Ke8 21. Bd6 fxe5 22. fxe5 d3 23. Rac1 Rac8 24. Rxc8 Rxc8 25. Rxd3 Rc2+ 26. Kf3 Rxh2 27. a4 Rc2 28. b4 Rc4 29. a5 a6 30. b5 axb5 31. a6 Rc8 32. a7 Ra8 33. Bb8 Bf8 34. Rc3 Be7 35. Rc7 h5 36. Ke4 g5 37. Kd4 h4 38. gxh4 gxh4 39. Rc8+ Kd7 40. Rc7+ Ke8 41. Rc8+ Kd7 42. Rc7+ 1/2-1/2

[Event "Steyr Landesliga 1920"]
[Site "Austria"]
[Date "2019.10.19"]
[Round "3.7"]
[White "Elpons, Walter"]
[Black "Steiner, Peter"]
[Result "0-1"]
[WhiteElo "1933"]
[BlackElo "1950"]
[PlyCount "44"]
[EventDate "2019.09.28"]
[EventType "team-tourn"]
[EventRounds "11"]
[EventCountry "AUT"]
[SourceTitle "CBM 193 Extra"]
[Source "ChessBase"]
[SourceDate "2020.01.31"]
[SourceVersion "1"]
[SourceVersionDate "2020.01.31"]
[SourceQuality "1"]
[WhiteTeam "Graz Schachgesellschaft"]
[BlackTeam "Pinggau Friedberg"]
[WhiteTeamCountry "AUT"]
[BlackTeamCountry "AUT"]

1. d4 Nf6 2. Bg5 g6 3. Bxf6 exf6 4. e3 Bg7 5. Nf3 f5 6. Be2 d6 7. c4 Nd7 8. Nc3 Nf6 9. Qc2 0-0 10. 0-0 c6 11. b4 Re8 12. Rab1 Ne4 13. c5 d5 14. b5 g5 15. a4 g4 16. Nd2 Qh4 17. Bd3 Re6 18. Bxe4 Rh6 19. f4 fxe4 20. Ne2 Qxh2+ 21. Kf2 g3+ 22. Nxg3 Rg6 0-1

[Event "Steyr Landesliga 1819"]
[Site "Austria"]
[Date "2018.10.06"]
[Round "1.7"]
[White "Polansek, Justin"]
[Black "Elpons, Walter"]
[Result "1/2-1/2"]
[WhiteElo "2018"]
[BlackElo "1922"]
[PlyCount "50"]
[EventDate "2018.10.06"]
[EventType "team-tourn"]
[EventRounds "11"]
[EventCountry "AUT"]
[SourceTitle "CBM 187 Extra"]
[Source "ChessBase"]
[SourceDate "2018.11.04"]
[SourceVersion "1"]
[SourceVersionDate "2018.11.04"]
[SourceQuality "1"]
[WhiteTeam "Leibnitz"]
[BlackTeam "Graz Schachgesellschaft"]
[WhiteTeamCountry "AUT"]
[BlackTeamCountry "AUT"]

1. e4 c5 2. c4 Nc6 3. Nc3 d6 4. g3 g6 5. Bg2 Bg7 6. Nge2 e5 7. 0-0 Nge7 8. d3 0-0 9. Be3 Nd4 10. Qd2 Be6 11. Rac1 a6 12. f4 exf4 13. Nxf4 Nec6 14. Nxe6 fxe6 15. Rxf8+ Qxf8 16. Rf1 Qe7 17. Bg5 Qd7 18. Ne2 Rf8 19. Rxf8+ Kxf8 20. Nxd4 Nxd4 21. Qa5 Nc6 22. Qd2 Kg8 23. b3 Qf7 24. Bf4 Bd4+ 25. Kh1 Qf8 1/2-1/2

[Event "Steyr Landesliga 1718"]
[Site "Austria"]
[Date "2018.01.20"]
[Round "7.5"]
[White "Kremshofer, Walter"]
[Black "Elpons, Walter"]
[Result "1-0"]
[WhiteElo "2023"]
[BlackElo "1977"]
[PlyCount "73"]
[EventDate "2017.09.30"]
[EventType "team-tourn"]
[EventRounds "11"]
[EventCountry "AUT"]
[SourceTitle "EXT 2019"]
[Source "ChessBase"]
[SourceDate "2018.10.10"]
[SourceVersion "1"]
[SourceVersionDate "2018.10.10"]
[SourceQuality "1"]
[WhiteTeam "Soechau"]
[BlackTeam "Graz Schachgesellschaft"]
[WhiteTeamCountry "AUT"]
[BlackTeamCountry "AUT"]

1. Nf3 d5 2. e3 Nf6 3. c4 e6 4. Nc3 c5 5. cxd5 exd5 6. d4 Nc6 7. Bb5 a6 8. Bxc6+ bxc6 9. Ne5 Qc7 10. Qa4 Bb7 11. 0-0 Bd6 12. f4 0-0 13. Bd2 cxd4 14. exd4 Rac8 15. b4 Qb6 16. Ne2 Rfe8 17. Kh1 Ne4 18. Be1 f6 19. Nf3 Qc7 20. g3 Qf7 21. Qd1 Rc7 22. Kg2 Bc8 23. a3 Qh5 24. Neg1 Rce7 25. Rc1 Bd7 26. Qd3 g5 27. fxg5 Nxg5 28. Nxg5 fxg5 29. Bf2 g4 30. Rfe1 Bf5 31. Qxa6 Be4+ 32. Rxe4 dxe4 33. Be3 Qf7 34. Qxc6 Bb8 35. Qc4 Ba7 36. Ne2 Re6 37. Nf4 1-0

[Event "Steyr Landesliga 1718"]
[Site "Austria"]
[Date "2017.12.02"]
[Round "6.5"]
[White "Kastner, Walter"]
[Black "Elpons, Walter"]
[Result "1-0"]
[WhiteElo "2172"]
[BlackElo "1977"]
[PlyCount "165"]
[EventDate "2017.09.30"]
[EventType "team-tourn"]
[EventRounds "11"]
[EventCountry "AUT"]
[SourceTitle "EXT 2019"]
[Source "ChessBase"]
[SourceDate "2018.10.10"]
[SourceVersion "1"]
[SourceVersionDate "2018.10.10"]
[SourceQuality "1"]
[WhiteTeam "Graz Schachfreunde II"]
[BlackTeam "Graz Schachgesellschaft"]
[WhiteTeamCountry "AUT"]
[BlackTeamCountry "AUT"]

1. d4 d5 2. Bf4 Nf6 3. e3 e6 4. Nf3 Bd6 5. Bg3 0-0 6. Nbd2 c5 7. c3 b6 8. Bd3 Ba6 9. Bxa6 Nxa6 10. Qe2 Nb8 11. e4 Bxg3 12. hxg3 dxe4 13. Nxe4 Nbd7 14. dxc5 bxc5 15. Ned2 Rb8 16. Nc4 Qc7 17. 0-0 Rfd8 18. Rfd1 h6 19. a4 Nb6 20. Rxd8+ Rxd8 21. Nfe5 Nbd5 22. a5 Qb7 23. Qc2 Rb8 24. a6 Qc7 25. Qa4 Nb6 26. Qc6 Nfd5 27. Qxc7 Nxc7 28. Nc6 Ra8 29. Nxb6 axb6 30. a7 c4 31. Ra4 b5 32. Ra5 Kf8 33. f3 Ke8 34. Kf2 f6 35. Nd4 Kd7 36. Nxb5 Nxb5 37. Rxb5 Rxa7 38. Rb4 Rc7 39. Ke3 Kd6 40. Kd4 e5+ 41. Ke4 g6 42. g4 Kc5 43. Rb8 Rd7 44. Rc8+ Kb5 45. g3 Rd2 46. f4 Rd3 47. Rb8+ Kc5 48. b4+ Kc6 49. fxe5 fxe5 50. Rc8+ Kd7 51. Rxc4 Rxg3 52. Kxe5 h5 53. gxh5 gxh5 54. Rd4+ Kc6 55. c4 Rg5+ 56. Kf4 Rg4+ 57. Ke3 Rg3+ 58. Kd2 Rg2+ 59. Kc3 Rg3+ 60. Kc2 Rg2+ 61. Rd2 Rg4 62. Kb3 h4 63. b5+ Kc5 64. Rd5+ Kb6 65. Kb4 Rf4 66. Rd6+ Kc7 67. Rc6+ Kb7 68. Rh6 Rg4 69. Rc6 Rg1 70. Rh6 Rg4 71. Re6 Rf4 72. Kc5 Rf5+ 73. Kd4 Rh5 74. c5 h3 75. Re7+ Kc8 76. b6 h2 77. c6 Kd8 78. Rd7+ Kc8 79. b7+ Kb8 80. Rd8+ Ka7 81. b8Q+ Ka6 82. Qb7+ Ka5 83. Ra8# 1-0

[Event "St Veit op-B 34th"]
[Site "St Veit"]
[Date "2015.07.13"]
[Round "4.1"]
[White "Rozman, Monika"]
[Black "Elpons, Walter"]
[Result "0-1"]
[WhiteElo "1941"]
[BlackElo "1881"]
[PlyCount "104"]
[EventDate "2015.07.11"]
[EventType "swiss"]
[EventRounds "9"]
[EventCountry "AUT"]
[SourceTitle "EXT 2024"]
[Source "ChessBase"]
[SourceDate "2023.10.10"]
[SourceVersion "1"]
[SourceVersionDate "2023.10.10"]
[SourceQuality "1"]

1. e4 c5 2. Nf3 d6 3. d4 cxd4 4. Nxd4 Nf6 5. Nc3 a6 6. Be3 e5 7. Nb3 Be6 8. Bg5 Nbd7 9. Qd2 Be7 10. 0-0-0 0-0 11. Kb1 b5 12. Bxf6 Nxf6 13. f3 Rc8 14. g4 Bc4 15. h4 b4 16. Nd5 Nxd5 17. exd5 a5 18. Nc1 Qb6 19. g5 a4 20. b3 axb3 21. cxb3 Bxf1 22. Rdxf1 Rc3 23. h5 Qe3 24. Qxe3 Rxe3 25. Rhg1 Rc8 26. f4 Rc5 27. fxe5 dxe5 28. Rd1 Bd6 29. Rg2 Kf8 30. Rc2 Ke7 31. Rxc5 Bxc5 32. Nd3 Bd6 33. Kc2 Rg3 34. g6 hxg6 35. hxg6 Rxg6 36. Re1 Rg2+ 37. Kb1 f6 38. Re4 Rd2 39. Nxb4 Bxb4 40. Rxb4 Rxd5 41. a4 g5 42. Rb8 e4 43. Rc8 e3 44. Rc2 f5 45. Re2 f4 46. Kc2 g4 47. b4 g3 48. a5 Rd2+ 49. Rxd2 exd2 50. a6 g2 51. a7 g1Q 52. a8Q d1Q+ 0-1

[Event "St Veit op-B 34th"]
[Site "St Veit"]
[Date "2015.07.12"]
[Round "3.1"]
[White "Elpons, Walter"]
[Black "Gelbenegger, Patrick"]
[Result "1-0"]
[WhiteElo "1881"]
[BlackElo "1932"]
[PlyCount "62"]
[EventDate "2015.07.11"]
[EventType "swiss"]
[EventRounds "9"]
[EventCountry "AUT"]
[SourceTitle "EXT 2024"]
[Source "ChessBase"]
[SourceDate "2023.10.10"]
[SourceVersion "1"]
[SourceVersionDate "2023.10.10"]
[SourceQuality "1"]

1. d4 d5 2. Nf3 Nf6 3. e3 c5 4. c4 cxd4 5. exd4 e6 6. Nc3 Bb4 7. a3 Bxc3+ 8. bxc3 dxc4 9. Bxc4 Qc7 10. Qd3 0-0 11. 0-0 b6 12. Bg5 Nbd7 13. Rfe1 Bb7 14. Ba2 Bc6 15. c4 Qb7 16. Re3 Be4 17. Qe2 Bg6 18. h3 h6 19. Bf4 Rfd8 20. Rd1 Rac8 21. d5 Nc5 22. Ne5 Be4 23. f3 Bh7 24. Bg3 exd5 25. cxd5 Na4 26. Nc6 Rd7 27. Ne7+ Kf8 28. Nxc8 Qxc8 29. Qe1 Qd8 30. d6 Nc5 31. Re7 Rxe7 1-0